000 00727nam a2200217 i 4500
001 129892
003 ES-MaACL
005 20230906193612.0
007 t|
008 070710s1967 sp ||||1| spa d
080 _a616-07(02)
100 1 _aHadorn, Walter.
_961413
245 1 0 _aDe los signos y síntomas al diagnóstico /
_cObra dirigida por Prof. Dr. W. Hadorn [y otros] Redacción, Prof. Dr. W. Hadorn. Versión... de la doctora H. Bozzi de Pelèz.
250 _a1ª ed.
260 _aBarcelona :
_bToray,
_c1967.
300 _aXVII, 559 p. :
_bil. ;
_c25 c.
650 1 4 _aDiagnóstico.
_911851
700 1 _aLöffler, W.
_973118
700 1 _aBozzi de Pélaez, H.
_9126139
852 _aES-MaACL
_jC-31519
_bR.62061
999 _c129892
_d129892